02220nam a22003377a 4500003000400000005001700004008004100021020001800062040001100080245015000091260004900241300001900290310001800309362001700327505015500344505012900499505011700628505015400745505013400899505012101033505011401154505006201268505010401330505008801434505017601522505008901698650001101787700003901798700003901837866000601876OSt20260414094835.0240305b ||||| |||| 00| 0 spa d a9789873048456 cPJ-TDF10aRevista de Derecho de Daños :bprevención del daño. Perspectivas procesales /cJorge Mosset Iturraspe ; Ricardo Luis Lorenzetti directores. aBuenos Aires : bRubinzal - Culzoni, c2024. a664 p.c22 cm. acuatrimestral aNo. 1 (2024) tLa función preventiva del derecho de daños y los instrumentos para la prevención del daño en el derecho uruguayo /rAndrés Mariño López. tPasado y presente de la implementación de la prevención del daño en el derecho privado argentino /rAída Kemelmajer. tPresupuestos sustanciales y requisitos de procedencia de la prevención del daño /rFernando Alfredo Sagarna. tLa problemática de la implementación de la suspensión preventiva de la ejecución del contrato /rSandra A. Frustagli y Julieta B. Trivisonno. tLa implementación de la prevención en favor de las personas consumidoras: experiencias y desafíos /rCarlos A. Hernández. tDerecho de las mujeres a vivir una vida digna. la prevención del daño - impuesto al tampón /rGraciela Medina. tHerramientas del derecho de sociedades para la prevención del daño /rJimena Márquez y Horacio Roitman. tSeguro y prevención del daño /rMiguel A. Piedecasas. tActivismo preventivo judicial, oralidad y sus límites /r Julieta B. Hauser y Federico A. Ossola. tPrevención del daño a través de las medidas cautelares /rAna Clara Pauletti. tTutela anticipada en la prevención y en la reparación de daños - recaudos para su despacho y diferencias con otras herramientas procesales /rAndrés Manuel Marfil. tMonitoreo de la ejecución de la sentencia preventiva de daños /rAndrea A. Mero. 0aDAÑO aMosset Iturraspe, Jorge edirector aLorenzetti, Ricardo Luisedirector a.